|
|
|
|
| LEADER |
00963nam a2200265 a 4500 |
| 001 |
006728277 |
| 008 |
090521s1995 enka 001 0 eng d |
| 020 |
|
|
|a 0521284074 (pbk)
|
| 020 |
|
|
|a 0521498554
|
| 040 |
|
|
|a Uk
|c Uk
|d BD-DhAAL
|
| 082 |
0 |
4 |
|a 574
|2 20
|
| 100 |
1 |
|
|a Green, N. P. O.
|q (Nigel P. O.)
|
| 245 |
0 |
0 |
|a Biological science /
|c N.P.O. Green, G.W. Stout, D.J. Taylor ; editor R. Soper. 1, Organisms, energy and environment.
|
| 260 |
|
|
|a Cambridge :
|b Cambridge University Press,
|c 1995.
|
| 250 |
|
|
|a 2nd ed.
|
| 300 |
|
|
|a vii,472p. :
|b ill. ;
|c 28cm.
|
| 504 |
|
|
|a Includes index.
|
| 541 |
1 |
|
|e 00009444
|
| 650 |
|
0 |
|a Biology.
|
| 700 |
1 |
|
|a Stout, Wilf.
|
| 700 |
|
|
|a Taylor, Dennis
|
| 700 |
|
|
|a Soper, R.
|q (Roland),
|d 1921-
|
| 852 |
4 |
|
|a Ayesha Abed Library
|j Generalshelf
|
| 999 |
|
|
|c 7772
|d 7772
|
| 952 |
|
|
|0 0
|1 0
|2 ddc
|4 0
|6 574_GRE_199500000000000
|7 0
|9 8604
|a BRACUL
|b BRACUL
|c GEN
|d 2010-03-16
|l 19
|m 89
|o 574 GRE
|p 3010009444
|r 2025-03-02
|s 2025-02-11
|t 1
|w 2010-03-16
|y BK
|